Annie Awards : Meilleur film d'animation - Statistiques

Statistiques générales
  • Ce quiz a été pris 9 fois
  • Le résultat moyen est 12 sur 32
Statistiques - réponses
Année Films % Correct
2013 La Reine des neiges
86%
2004 Les Indestructibles
86%
1996 Toy Story
86%
1994 Le Roi Lion
71%
1993 Aladdin
57%
2006 Cars
57%
2017 Coco
57%
2009 Là-haut
57%
2007 Ratatouille
57%
2001 Shrek
57%
2000 Toy Story 2
57%
2015 Vice-versa
57%
1995 Pocahontas : Une légende indienne
43%
2020 Soul
43%
2010 Dragons
29%
2008 Kung Fu Panda
29%
1992 La Belle et la Bête
29%
2003 Le Monde de Nemo
29%
1998 Mulan
29%
2022 Pinocchio
29%
2005 Wallace et Gromit : Le Mystère du lapin-garou
29%
2016 Zootopie
29%
2014 Dragons 2
14%
2019 Klaus
14%
2012 Les Mondes de Ralph
14%
2002 Le Voyage de Chihiro
14%
2011 Rango
14%
2023 Spider-Man: Across the Spider-Verse
14%
2018 Spider-Man: New Generation
14%
1997 Dany, le chat superstar
0%
1999 Le Géant de fer
0%
2021 Les Mitchell contre les machines
0%
Aucun quiz correspondant
Distribution des résultats
% des personnes avec chaque résultat
Percentile par nombre de réponses
Votre historique - résultats
Vous n’avez pas pris ce quiz